<?xml version="1.0" encoding="UTF-8"?>
<record
    xmlns:xsi="http://www.w3.org/2001/XMLSchema-instance"
    xsi:schemaLocation="http://www.loc.gov/MARC21/slim http://www.loc.gov/standards/marcxml/schema/MARC21slim.xsd"
    xmlns="http://www.loc.gov/MARC21/slim">

  <leader>00375    a2200109   4500</leader>
  <controlfield tag="001">ART_11352</controlfield>
  <controlfield tag="005">20260410161856.0</controlfield>
  <controlfield tag="008">260409a                                 </controlfield>
  <datafield tag="245" ind1="1" ind2="0">
    <subfield code="a">Pol&#xED;tica de precio en el sector agr&#xED;cola, precio sost&#xE9;n o subsidio a los insumos</subfield>
  </datafield>
  <datafield tag="100" ind1="1" ind2=" ">
    <subfield code="a">Recalde de Bernardi, Mar&#xED;a L.</subfield>
  </datafield>
  <datafield tag="773" ind1="0" ind2=" ">
    <subfield code="t">Revista de Econom&#xED;a</subfield>
    <subfield code="g">- N&#xBA; 51 (mar. 1988)</subfield>
    <subfield code="w">REV11077</subfield>
  </datafield>
  <datafield tag="999" ind1=" " ind2=" ">
    <subfield code="c">25495</subfield>
    <subfield code="d">25495</subfield>
  </datafield>
</record>
